Gaming Quiz

Random Gaming or Pokémon Quiz

Water type moves Quiz Stats

 Plays Quiz not verified by Sporcle

Score 0/22 Timer 08:00
0 Plays Today
BP/Category Move % Correct
120/SpecialHydro Pump
97.1%
95/SpecialSurf
92.3%
20/SpecialBubble
91.3%
40/SpecialWater Gun
91.3%
65/SpecialBubblebeam
88.5%
--/OtherRain Dance
88.5%
60/SpecialWater Pulse
85.6%
80/PhysicalWaterfall
85.6%
15/SpecialWhirlpool
84.6%
40/PhysicalAqua Jet
82.7%
--/OtherAqua Ring
82.7%
BP/Category Move % Correct
150/SpecialHydro Cannon
78.8%
--/OtherWater Sport
77.9%
--/OtherWithdraw
73.1%
80/PhysicalDive
72.1%
65/SpecialBrine
71.2%
95/SpecialMuddy Water
68.3%
150/SpecialWater Spout
66.3%
90/PhysicalAqua Tail
59.6%
90/PhysicalCrabhammer
50%
35/PhysicalClamp
48.1%
65/SpecialOctazooka
27.9%

You're not logged in!

Compare scores with friends on all Sporcle quizzes.
OR
Log In

Show Comments

Extras

Created Oct 25, 2010ReportNominate
Tags:Pokémon Quiz, water

Top Quizzes Today


Score Distribution

Your Account Isn't Verified!

In order to create a playlist on Sporcle, you need to verify the email address you used during registration. Go to your Sporcle Settings to finish the process.

Report this User

Report this user for behavior that violates our Community Guidelines.

Details: